| 000 | 00748nam a2200217 i 4500 | ||
|---|---|---|---|
| 001 | 130588 | ||
| 003 | ES-MaACL | ||
| 005 | 20240503101441.0 | ||
| 007 | t| | ||
| 008 | 070801s1967 sp |||| | spa d | ||
| 100 | 1 |
_aZardoya, Concha, _d1914-2004 _9118071 |
|
| 245 | 1 | 0 |
_aVerdad, belleza y expresión _b: (letras anglo-americanas) / _cConcha Zardoya. |
| 260 |
_aBarcelona : _bEdhasa, _c[1967] |
||
| 300 |
_a236 p. ; _c20 cm. |
||
| 490 | 1 | _aColección "El Puente" | |
| 650 | 4 |
_aLiteratura norteamericana- _yS.XIX- _xHistoria y crítica. _9168442 |
|
| 650 | 4 |
_aLiteratura norteamericana- _yS.XX- _xHistoria y crítica. _914644 |
|
| 830 | 0 |
_aColección "El Puente" _9193520 |
|
| 852 |
_aES-MaACL _jC-32107 |
||
| 999 |
_c130588 _d130588 |
||